Urban ecology (Registro nro. 182872)

Detalles MARC
000 -ENCABEZADO
Número de control [NR] 00933nam a22002537a 4500
005 - FECHA Y HORA DE LA ÚLTIMA TRANSACCIÓN
control field 20140903174958.0
008 - DE LONGITUD FIJA DE DATOS DE ELEMENTOS - INFORMACIÓN GENERAL
Elementos de longitud fija [NR] 131205s2010 enkab frn 001 0 eng c
020 ## - NUMERO INTERNACIONAL NORMALIZADO PARA LIBROS [R]
Número Internacional Normalizado del libro [NR] 9780521743495
020 ## - NUMERO INTERNACIONAL NORMALIZADO PARA LIBROS [R]
Número Internacional Normalizado del libro [NR] 9780521760973
040 ## - FUENTE DE CATALOGACION [NR]
Agencia de catalogación original [NR] CO-BoUCM
Quien Cataloga
Quien Clasifica Aldemar Mondragón
Idioma de catalogación [NR] spa
041 00 - CODIGO DE IDIOMA [R]
Código de idioma para texto/pista de sonido o título separado [R] Inglés
245 10 - MENCION DE TITULO [NR]
Título [NR] Urban ecology
Mención de responsabilidad, etc. [NR] editado por Kevin J. Gaston
260 ## - PUBLICACION, DISTRIBUCION, ETC. (PIE DE IMPRENTA) [R]
Lugar de publicación, distribución, etc. [R] Cambridge (Reino Unido)
-- New York (Estados Unidos)
Nombre del editor, distribuidor, etc. [R] Cambridge University Press
Fecha de publicación, distribución, etc. [R] 2010
300 ## - DESCRIPCION FISICA [R]
Extensión [R] ix, 318 páginas
Otros detalles físicos [NR] ilustraciones, mapas
490 0# - MENCION DE SERIE [R]
Mención de serie [R] Ecological Reviews
504 ## - NOTA DE BIBLIOGRAFIA, ETC. [R]
Nota de bibliografía, etc. [NR] Incluye referencias bibliográficas e índices
650 #7 - ASIENTO SECUNDARIO DE MATERIA - TERMINO TEMATICO [R]
Término temático o nombre geográfico como elemento de entrada [NR] Desarrollo sostenible
9 (RLIN) 36128
650 #7 - ASIENTO SECUNDARIO DE MATERIA - TERMINO TEMATICO [R]
Término temático o nombre geográfico como elemento de entrada [NR] Ecología urbana (Sociología)
9 (RLIN) 40538
650 #7 - ASIENTO SECUNDARIO DE MATERIA - TERMINO TEMATICO [R]
Término temático o nombre geográfico como elemento de entrada [NR] Urbanismo
Subdivisión general [R] Aspectos económicos
9 (RLIN) 8216
690 ## - ASUNTO AGREGADO LOCAL DE ENTRADA - TÉRMINO TEMÁTICO (OCLC, RLIN)
9 (RLIN) 42914
Acceso temático local Sociología
700 1# - ASIENTO SECUNDARIO - NOMBRE PERSONAL [R]
Nombre personal [NR] Gaston, Kevin J.
Término de relación [R] editor
9 (RLIN) 52220
942 ## - ELEMENTOS DE ENTRADA AGREGADOS (KOHA)
Tema principal Sociología
Tipo de ítem principal el descrito en 300a Libro
Edición 1
Parte restante de la signatura top. G256u
Sistema de clasificación DEWEY
Clasificación 307.76
Existencias
Total préstamos Signatura topográfica Código de barras Última vez visto Ejemplar Costo de reposición Price effective from Tipo de ítem Perdido Sistema de clasificación Dañado No prestable Tipo de ítem específico Suprimido Ubicación habitual Ubicación actual Localización Fecha de creación Proveedor Forma de adquisición Costo
  307.76 G256u 100139101 10/12/2025 Ej.2 99800.00 19/11/2013 Libro   DEWEY     Libro   Claustro Claustro 2do piso 19/11/2013 15 Compra 99800.00